| 000 | 00635nam a2200217 4500 | ||
|---|---|---|---|
| 003 | OSt | ||
| 005 | 20240627073855.0 | ||
| 006 | a | ||
| 008 | 240627b |||||||| |||| 00| 0 eng d | ||
| 020 | _a9710870149 | ||
| 040 |
_aDWCL-Main lib. _cOC |
||
| 082 | _aFil. 001.42 S964r 2010 | ||
| 100 | _aSustiverio-Latada, Mabel S. | ||
| 245 | _aResearch writing for beginners / | ||
| 260 |
_aMandaluyong City : _bNational Book Store, _cc2010. |
||
| 300 |
_axiii, _b134 p. : ill. ; _c23 cm. |
||
| 504 | _aIncludes bibliographical references. | ||
| 650 | _a1. Research. | ||
| 650 | _a2. Report writing. | ||
| 942 |
_2ddc _n0 _cBK - FIL _kFil. |
||
| 999 |
_c1519 _d1519 |
||